000 00436nam a2200145Ia 4500
008 100415s9999 xx 000 0 und d
082 _b495
_a598.2(5493)
100 _aPhilips WWA
245 _aBirds of Ceylon 3 : Birds of Highlands
260 _aCOLOMBO
_c1955
_bAASSOCIATED PAPERS OF CEYLON
365 _b0
630 _aBirds of Ceylon 3 : Birds of Highlands
730 _aBirds of Ceylon 3 : Birds of Highlands
942 _cBOOK
999 _c583565
_d583562